000 00611nam a22002057a 4500
003 OSt
005 20141025113532.0
008 141009b xxu||||| |||| 00| 0 eng d
020 _a84-368-1422-3
040 _cBMC
082 _a658.155
100 1 _aAragonés, José Ramón‏
_926486
245 1 0 _aValor en riesgo
_b: aplicación a la gestión empresarial
_cJosé Ramón Aragonés, Carlos Blanco
260 _aMadrid
_bPirámide
_ccop. 2000
300 _a331 p.
_bgráf.
_c22 cm.
490 _aEmpresa y gestión
650 2 4 _926474
_aRiesgo financiero
700 1 _aBlanco, Carlos
_926487
942 _2ddc
_cBK
999 _c14525
_d14525